The book of glass.

Saved in:
Bibliographic Details
Main Author: Weiss, Gustav, 1922-
Format: Book
Language:English
Published: New York, Praeger Publishers [1971]
Subjects:
LEADER 00958nam a2200265 4500
001 c000352306
003 CARM
005 00000000000000.0
008 710407s1971 nyuab b 00100 eng
019 1 |a 83091  |5 LACONCORD2021 
035 |a (OCoLC)131110  |5 LACONCORD2021 
041 1 |a engger 
050 0 0 |a NK5106  |b .W413 
100 1 |a Weiss, Gustav,  |d 1922- 
240 1 0 |a Ullstein Gläserbuch.  |l English 
245 1 4 |a The book of glass.  |c Translated by Janet Seligman. 
260 |a New York,  |b Praeger Publishers  |c [1971] 
300 |a 353 p.  |b illus. (part col.), maps.  |c 24 cm. 
500 |a Translation of Ullstein Gläserbuch. 
504 |a Bibliography: p. 346-349. 
650 0 |a Glassware  |x History. 
852 8 |b CARM  |h A2:AJ08H0  |i C08935  |p 0309931  |f BK 
082 0 4 |a 748.2/9 
999 f f |i 24a81ac8-d657-5451-acc4-92051b4fdde6  |s 404f5be8-65cf-5c09-a47c-f969276d6cd9 
952 f f |p Can circulate  |a CAVAL  |b CAVAL  |c CAVAL  |d CARM 1 Store  |e C08935  |f A2:AJ08H0  |h Other scheme  |i book  |m 0309931